000 00377nam a2200145Ia 4500
008 240624s9999 xx 000 0 und d
041 _aeng
082 _a332.12 GUP
100 _aGUP BENTON E
245 _aCOMMERCIAL BANKING THE MANAGEMENT OF RIS
250 _a(3rd ed.)
260 _c2007
_aNew Delhi
_bWiley India
300 _axxix, : 548 : p. : cm. ; 25
365 _cRS
_b30
999 _c7252
_d7252